Catolicismo liberacionista y politica en la Argentina : de la politica insurrecional en los sesenta a la resistencia al neoliberalismo en los noventa (Registro nro. 381911)

Detalles MARC
001 - NÚMERO DE CONTROL
campo de control 970904
005 - FECHA Y HORA DE LA ÚLTIMA TRANSACCIÓN
campo de control 20240201203007.0
008 - DATOS DE LONGITUD FIJA--INFORMACIÓN GENERAL
campo de control de longitud fija 060419e20051201 spa
035 ## - NÚMERO DE CONTROL DEL SISTEMA
Número de control de sistema 970904
035 ## - NÚMERO DE CONTROL DEL SISTEMA
Número de control de sistema (OCoLC)820347775
040 ## - FUENTE DE LA CATALOGACIÓN
Centro/agencia transcriptor comduadb
041 ## - CÓDIGO DE LENGUA
Código de lengua del texto/banda sonora o título independiente spa
100 10 - ENTRADA PRINCIPAL--NOMBRE DE PERSONA
Nombre de persona Donatello, Luis Miguel
Código de función aut
Término indicativo de función/relación Autor/a
9 (RLIN) 553209
245 10 - MENCIÓN DE TÍTULO
Título Catolicismo liberacionista y politica en la Argentina : de la politica insurrecional en los sesenta a la resistencia al neoliberalismo en los noventa
520 3# - SUMARIO, ETC.
Sumario, etc. Busca explorar las relaciones entre catolicismo liberacionista y politica en la Argentina. Para ello, en primer lugar se trazan una serie de rasgos comunes a los vinculos entre factor religioso y politica en el pais. Luego se discriminan las caracteristicas tipico-ideales del fenomeno, vieno sus lineas de continuidad con el pasado. Asi, el recorrido describe un abanico de posibilidades que va desde la politica insurreccional en la decada de 1960 hasta la beligerancia popular de la decada de 1990.
650 ## - PUNTO DE ACCESO ADICIONAL DE MATERIA--TÉRMINO DE MATERIA
Término de materia o nombre geográfico como elemento de entrada Iglesia católica - Política
9 (RLIN) 18351
650 ## - PUNTO DE ACCESO ADICIONAL DE MATERIA--TÉRMINO DE MATERIA
Término de materia o nombre geográfico como elemento de entrada Argentina - Religion
9 (RLIN) 92848
650 ## - PUNTO DE ACCESO ADICIONAL DE MATERIA--TÉRMINO DE MATERIA
Término de materia o nombre geográfico como elemento de entrada Argentina - Política
9 (RLIN) 172289
650 ## - PUNTO DE ACCESO ADICIONAL DE MATERIA--TÉRMINO DE MATERIA
Término de materia o nombre geográfico como elemento de entrada Insurreccion
9 (RLIN) 152827
650 ## - PUNTO DE ACCESO ADICIONAL DE MATERIA--TÉRMINO DE MATERIA
Término de materia o nombre geográfico como elemento de entrada Neoliberalismo - Argentina
9 (RLIN) 87126
650 #7 - PUNTO DE ACCESO ADICIONAL DE MATERIA--TÉRMINO DE MATERIA
Término de materia o nombre geográfico como elemento de entrada Peronismo
Fuente del encabezamiento o término lemb
9 (RLIN) 4835
773 0# - ENLACE AL DOCUMENTO FUENTE/ENTRADA DE REGISTRO ANFITRIÓN
Título América Latina Hoy : Revista de Ciencias Sociales (Salamanca)
Parte(s) relacionada(s) Volumen 41, Diciembre 2005, p. 77-97
Número de control del registro 578237
Número Internacional Normalizado para Publicaciones Seriadas 1130-2887
Número bibliográfico anfitrión 148418
942 ## - ELEMENTOS DE ENTRADA AGREGADA (KOHA)
Tipo de ítem Koha Artículo de Revista

No hay ítems disponibles.